000 00884nam0a22002891 4500
001 RU\NLR\INFOCOMM16\ROSSICA\1000467740
005 20250613185330.0
035 _a(NLR Aleph) 009885767
090 _a10494736
_c10494736
100 _a20030616d1856 |||y0rusy50 ca
101 0 _afre
102 _aRU
105 _ay ||||000ay
200 1 _aCauseries littéraires
_ePoëmes de M. Perrault
_eLa tristesse de Kryloff
_fCh. de Saint-Julien
210 _aSt.Pétersbourg
_d1856
215 _d
600 1 _aPerrault
_bM.
_2PSBO
600 1 _aKrylov
_bI.A.
_gIvan Andreevič
_f1769-1844
_2PSBO
700 1 _4070
_7ba
_8fre
_aSaint-Julien
_bC. de
_f1802-1869
_gCharles de
_9271718
_3RU\NLR\AUTH\770271774
801 1 _aRU
_bInfoComm
_c20030616
801 0 _aRU
_bNLR
_gPSBO
852 _aNLR
_j13.21.3.245
942 _cBOOK
980 _aNB
980 _aRossica